000 00478nam a22001697a 4500
005 20251108170856.0
008 250721s1970 xx 000 0 ara d
082 1 4 _aم/811.9/قبش
100 1 _aقبش، أحمد
245 1 0 _aتاريخ الشعر العربي الحديث /
264 1 _aبيروت :
_bدار الجيل،
_c1970.
300 _a827ص.
650 1 7 _aالشعر العربي
650 1 7 _aالشعر الحديث
942 _2ddc
_cREF
999 _c51072
_d51072